Statistics for Players With the Worst Discipline in Europe's Top 5 Leagues 2022/23

Click here to take the quiz!

General Stats

  • This quiz has been taken 13 times
  • The average score is 3 of 19

Answer Stats

#RedYellowPointsClubNationalityAnswer% Correct
131120Bayer LeverkusenEcuadorPiero Hincapié
82%
1701414Fulham FCPortugalJoão Palhinha
55%
33918SevillaArgentinaMarcos Acuña
45%
421016HoffenheimTurkeyOzan Kabak
27%
1311114WolvesPortugalNélson Semedo
18%
811215VillarrealSpainÁlex Baena
9%
103514Stade ReimsCote d'IvoireEmmanuel Agbadou
9%
103514Rayo VallecanoFranceFlorian Lejeune
9%
62915EspanyolUruguayLeandro Cabrera
9%
131120SassuoloBrazilRuan
9%
511316Rayo VallecanoSpainAlejandro Catena
0%
1311114Real MallorcaSpainAntonio Raíllo
0%
1311114GetafeSpainCarles Aleñá
0%
1701414CadizSpainFede San Emeterio
0%
811215CadizSpainIván Alejo
0%
122814EmpoliCote d'IvoireJean-Daniel Akpa Akpro
0%
62915ElcheSpainJosé Ángel Carmona
0%
1701414EspanyolSpainÓscar Gil
0%
1311114UdineseBrazilRodrigo Becão
0%

Score Distribution

Percentile by Number Answered

Percent of People with Each Score

Your Score History

You have not taken this quiz